Словарь немецких сокращений: 10 500 сокращений

Podrobná bibliografie
Další autoři: Блувштейн В. О. Вильгельм Осипович (составитель)
Jazyk:němčina
ruština
Vydáno: Москва, ГИС, 1958
Témata:
Médium: MixedMaterials Kniha
KOHA link:https://koha.lib.tpu.ru/cgi-bin/koha/opac-detail.pl?biblionumber=23297

MARC

LEADER 00000nam0a2200000 4500
001 23297
005 20231101205535.0
035 |a (RuTPU)RU\TPU\book\23515 
035 |a BOOK00023588 
090 |a 23297 
100 |a 20011209d1958 km y0rusy50 ca 
101 0 |a ger  |a rus 
102 |a RU 
105 |a y e 000zy 
200 1 |a Словарь немецких сокращений  |e 10 500 сокращений  |f сост. В. О. Блувштейн 
210 |a Москва  |c ГИС  |d 1958 
215 |a 442 с. 
606 1 |a Немецкий язык  |x Другие типы словарей  |2 stltpush  |3 (RuTPU)RU\TPU\subj\45385  |9 64628 
610 1 |a словари 
610 1 |a сокращенные слова 
610 1 |a терминологические словари 
686 |a Ш143.24-49  |v LBC/SL-A  |2 rubbk 
702 1 |a Блувштейн  |b В. О.  |g Вильгельм Осипович  |4 220 
801 0 |a RU  |b 63413507  |c 20011209  |g PSBO 
801 2 |a RU  |b 63413507  |c 20220216  |g PSBO 
942 |c BK